El jugador completo de baloncesto: preparación de baloncesto: preparación, técnica, entrenamiento y el juego

Saved in:
Bibliografiske detaljer
Main Authors: Beard, Butch (Author), Popowitz, Glenn (Author), Samson, David (Author)
Format: Bog
Sprog:spansk
Udgivet: Barcelona Hispano Europea 1988
Serier:Colección Herakles
Fag:
Tags: Tilføj Tag
Ingen Tags, Vær først til at tagge denne postø!

MARC

LEADER 00000nam a2200000 a 4500
001 UCW6703
003 CL-VaPUC
008 920427e19880000SP |||||||||||||||||spa|d
082 0 4 |a 796.323  |b BEA  |2 21 
100 0 |a Beard, Butch  |e author  |9 311745 
700 0 |a Popowitz, Glenn  |e author  |9 311746 
700 0 |a Samson, David  |e author  |9 311747 
245 1 3 |a El jugador completo de baloncesto: preparación de baloncesto: preparación, técnica, entrenamiento y el juego 
300 |a 204 p 
942 |c BK 
945 |d 19920427 00:00:00 
260 |a Barcelona  |b Hispano Europea  |c 1988 
650 7 |a BASQUETBOL  |2 CL-VaPUC  |9 311748 
650 7 |a ENTRENAMIENTO ATLETICO  |2 CL-VaPUC  |9 311749 
583 |a last modification  |c 19920427 00:00:00  |k Rodrigo Vera 
490 0 |a Colección Herakles 
999 |c 219672  |d 219670 
952 |0 0  |1 0  |4 0  |6 796_323000000000000_BEA_1988  |7 0  |8 A  |9 210877  |a BIBEDU  |b BIBEDU  |d 2019-11-15  |i 2791013  |o 796.323 BEA 1988  |p 2791013  |r 2023-08-09  |w 2019-11-15  |y BK  |k EDU